000 00758nam a2200277 a 4500
001 000116162
003 CHAP
005 20220329144603.0
008 190925s2010 mx |r| |||||||spa d
010 _a112623
011 _a113595
020 _a9786070026829
040 _cCHAP
090 _aFolleto 18499
100 1 _aRamos Koprivitza, Frida Varinia.
_9136661
245 1 0 _aEl ojo de Horus /
_cpor Frida Varinia Ramos Koprivitza.
260 _aNaucalpan, Méx. :
_bParentalia,
_c2010.
300 _a19 p.
590 _aE11695DGD
_b10
_c20190926
_lUCH01
_h1513
590 _aE5765TAJ
_b05
_c20190925
_lUCH01
_h1230
650 1 4 _aLiteratura mexicana.
_967138
650 1 4 _aPoesía mexicana.
_990146
901 _aBK
942 _cFOLL
942 _n0
999 _c112623
_d112623